নির্বাচননামা : (Record no. 12889)
[ view plain ]
| 000 -LEADER | |
|---|---|
| fixed length control field | 00743nam a2200205 a 4500 |
| 001 - CONTROL NUMBER | |
| JCCL Control Number | 12889 |
| 003 - CONTROL NUMBER IDENTIFIER | |
| JCCL marc code | BD-JhCC |
| 005 - DATE AND TIME OF LATEST TRANSACTION | |
| control field | 20230601085838.0 |
| 008 - FIXED-LENGTH DATA ELEMENTS--GENERAL INFORMATION | |
| fixed length control field | 230601s2023 b |||| |||| 000 0 b d |
| 035 ## - SYSTEM CONTROL NUMBER | |
| system control number | (BD-JhCC)12889 |
| 040 ## - CATALOGING SOURCE | |
| Original cataloging agency | BD-JhCC |
| Modifying agency | BD-JhCC |
| 041 ## - LANGUAGE CODE | |
| Language code of Book | ben |
| 082 ## - DEWEY DECIMAL CLASSIFICATION NUMBER | |
| Classification number | 324.2 |
| Author mark and Year | TAL 2023 |
| 100 ## - MAIN ENTRY--PERSONAL NAME | |
| Personal name | তালুকদার, মাহবুব |
| 245 ## - TITLE STATEMENT | |
| Title | নির্বাচননামা : |
| Remainder of title | নির্বাচন কমিশনে আমার দিনগুলো / |
| Statement of responsibility, etc | মাহবুব তালুকদার |
| 260 ## - PUBLICATION, DISTRIBUTION, ETC. (IMPRINT) | |
| Place of publication, distribution, etc | ঢাকা : |
| Name of publisher, distributor, etc | প্রথমা প্রকাশন, |
| Date of publication, distribution, etc | ২০২৩ |
| 300 ## - PHYSICAL DESCRIPTION | |
| Pagination | ৩৪৩ পৃ. : |
| Dimensions | ২০ সেমি. |
| 650 ## - SUBJECT ADDED ENTRY--TOPICAL TERM | |
| Topical term or geographic name as entry element | Elections |
| Geographic subdivision | Bangladesh |
| 942 ## - ADDED ENTRY ELEMENTS (KOHA) | |
| Source of classification or shelving scheme | Dewey Decimal Classification |
| Koha item type | Books |
| Source of classification or shelving scheme | Damaged status | Not for loan | Home library | Current library | Shelving location | Date of accession | Cost, normal purchase price | Total Checkouts | Full call number | Barcode | Date last seen | Copy number | Method of acquisition | Koha item type | Currency |
|---|---|---|---|---|---|---|---|---|---|---|---|---|---|---|---|
| Dewey Decimal Classification | JCC Rouf Library | JCC Rouf Library | General Stacks | 06/01/2023 | 525.00 | 324.2 TAL 2023 | 17973 | 06/01/2023 | C-1 | Purchase | Books | BDT |